Sistemas de información geográfica: prácticas con PC ARC-Info e IDRISI
Enregistré dans:
| Auteurs principaux: | , , , |
|---|---|
| Format: | Livre |
| Langue: | espagnol |
| Publié: |
Wilmington
Addison-Wesley Iberoamericana
1994
|
| Sujets: | |
| Tags: |
Ajouter un tag
Pas de tags, Soyez le premier à ajouter un tag!
|
MARC
| LEADER | 00000nam a2200000 a 4500 | ||
|---|---|---|---|
| 001 | UCP2076 | ||
| 003 | CL-VaPUC | ||
| 008 | 990507e19940000US |||||||||||||||||spa|d | ||
| 020 | |a 8478971424 | ||
| 082 | 0 | 4 | |a 910.1 |b BOS |2 21 |
| 100 | |a Bosque Sendra, Joaquín |e author |9 577896 | ||
| 700 | 0 | |a Escobar Martínez, Francisco J |e author |9 428528 | |
| 700 | 0 | |a García hernández, Ernesto |e author |9 428529 | |
| 700 | 0 | |a Salado García, María J |e author |9 428530 | |
| 245 | 1 | 0 | |a Sistemas de información geográfica: prácticas con PC ARC-Info e IDRISI |
| 300 | |a 478 p | ||
| 942 | |c BK | ||
| 945 | |d 19990507 00:00:00 |a rbrito | ||
| 260 | |a Wilmington |b Addison-Wesley Iberoamericana |c 1994 | ||
| 500 | |a Incluye 2 diskettes | ||
| 650 | 0 | |a Geografía |9 259346 | |
| 650 | 0 | |a Computadores |9 258188 | |
| 650 | 0 | |a Bases de datos |9 260577 | |
| 650 | 0 | |a Cartografía |9 266055 | |
| 650 | 0 | |a Análisis estadístico |9 269506 | |
| 583 | |a last modification |c 19990507 00:00:00 |k Rodrigo Vera | ||
| 999 | |c 280675 |d 280673 | ||
| 952 | |0 0 |1 0 |4 0 |6 910_100000000000000_BOS_1994 |7 0 |8 A |9 321127 |a BIBING |b BIBING |d 2019-11-20 |i 3520668 |o 910.1 BOS 1994 |p 3520668 |r 2025-01-20 |w 2019-11-20 |y BK |k GEO | ||
| 952 | |0 0 |1 0 |4 0 |6 910_100000000000000_BOS_1994 |7 0 |8 A |9 321128 |a BIBAGR |b BIBAGR |d 2019-11-20 |i 4013883 |o 910.1 BOS 1994 |p 4013883 |r 2025-01-20 |w 2019-11-20 |y BK |k AGR | ||